| 000 | 00728nam a2200217 4500 | ||
|---|---|---|---|
| 003 | OSt | ||
| 005 | 20240729024116.0 | ||
| 006 | a | ||
| 008 | 240729b |||||||| |||| 00| 0 eng d | ||
| 020 | _a9781571104335 | ||
| 040 |
_aDWCL-Main lib. _cOC |
||
| 082 | _aCirc. 372.6 D695m 2007 | ||
| 100 | _aDorfman, Lynne R. | ||
| 245 | _aMentor texts : teaching writing through children’s literature, K6 / | ||
| 260 |
_a Portland : _bStenhouse Pub., _cc2007. |
||
| 300 |
_axii, _b314 p. : ill. ; _c24 cm. |
||
| 504 | _aIncludes bibliographical references. | ||
| 650 | _a1. Language arts (Elementary). | ||
| 650 | _a2. English language compositionand exercises-Study and teaching(Elementary). | ||
| 942 |
_2ddc _n0 _cBK-CIRC _kCirc. |
||
| 999 |
_c2888 _d2888 |
||